1848 1224 1330 1318 1103 1180 1872 1666 1591 1843 1133 1631 1581 1035 1789 1190 1130 1964 1584 1584 1622 1902 1288 1361 1417 1978 1694 1024 1962 1397 1193 1386 1001 1784 1631 1272 1132 1746 1742 1300 1310 1708 1887 1278 1793 1598 1263 1309 1333 1851 1461 1216 1296 1015 1068 1196 1593 1382 1637 1328 1336 1416 1910 1864 1819 1207 1837 1874 1385 1171 1204 1832 1272 1277 1874 1339 1532 1809 1481 1685 1386 1579 1315 1356 1342 1153 1894 1345 1199 1075 1228 1283 1170 1201 1765 1951 1777 1374 1984 BCNSPRNW ULIB Ver.6.0+V

เปลี่ยนเป็นภาษาไทย

Change to English
 แสดงรายละเอียดบรรณานุกรม
  กลับหน้าหลัก

Brief Record : Get Marc (ISO 2709) : E-mail record : QR code < ปิดหน้าต่าง
LEADER : 00000nam 2200000uu 4500
001    13399112067
003     ULIB
008    110627s2553||||th 000 0 tha d
090    นว.^bก535T 2553
100 0  ก้าวไกล
245 00 The House บ้านเช่า...วิญญาณหลอน/^cก้าวไกล
250    พิมพ์ครั้งที่ 1
260    กรุงเทพฯ :^bโซฟา,^c2553
300    248 หน้า
710 1  โซฟา
945    ^p185^l0^i028066
995    ทศพร
999 ^a ใช้งานได้ทุกระบบ
รายการนี้ยังไม่มีแท็ก
คุณยังไม่ได้ล็อกอิน คุณสามารถมีกิจกรรมร่วมกับเว็บไซต์ได้ แต่ต้องล็อกอินก่อน ::
  ล็อกอิน

รายการสื่อสารสนเทศ

ลำดับที่ ประเภท เลขเรียก/บาร์โค้ด สถานที่ สถานะ
- ไม่พบข้อมูล -

BibComment


ยังไม่เคยถูกคอมเมนท์

คอมเมนท์ทรัพยากรรายการนี้
  คอมเมนท์: The House บ้านเช..


 Copyright 2026. Bcnsprnw @Library